| 000 | 01040nam a2200205 i 4500 | ||
|---|---|---|---|
| 001 | 167334 | ||
| 003 | ES-MaACL | ||
| 005 | 20250818063114.0 | ||
| 008 | 050922s1868 fr f |||| | fre d | ||
| 100 | 1 |
_aVerneuil, Édouard de, _d1805-1873 _9114176 |
|
| 245 | 1 | 0 |
_aDescription des fossiles du Néocomien Supérieur de Utrillas et ses environs (province de Teruel) / _cpar E. de Verneuil et G. de Lorière. |
| 246 | 3 | 5 | _aMatériaux pour la paléontologie de l'Espagne |
| 260 |
_aLe Mans : _bImp. Edmond Monnoyer, _c1868. |
||
| 300 |
_a30 p., 3 h. de lám. ; _c28 cm. |
||
| 650 | 4 |
_aFósiles- _zTeruel. _9136154 |
|
| 700 | 1 |
_aLorière, Gustav de. _974210 |
|
| 852 |
_aES-MaACL _jT-1088-F-16 _z- Enc. hol., conservando cub. original _z.- Legado de Federico de Botella y de Hornos _z- Enc. en un vol. facticio |
||
| 852 |
_aES-MaACL _jL-32448(12) _z- Enc. cart. _z. - Legado Federico de Botella y de Hornos _z- Enc. en un vol. facticio, con tít. en el lomo de: España, geología: memorias varias, 1 |
||
| 999 |
_c167334 _d167334 |
||